Tous les cantons du Var sur une carte - Statistiques

Statistiques générales
  • Ce quiz a été pris 158 fois
  • Le résultat moyen est 15 sur 23
Réponses sur la Carte
Les réponses sont colorées sur une échelle allant du rouge au vert en fonction du pourcentage des utilisateurs qui les ont devinées à leur premier essai. Vous pouvez retrouver ces pourcentages ci-dessous.
 
Statistiques - réponses
Canton % Correct
Draguignan
98%
Hyères
98%
Toulon-1
98%
Toulon-2
98%
Toulon-3
98%
Toulon-4
98%
Fréjus
96%
Saint-Raphaël
93%
Brignoles
82%
La Seyne-sur-Mer-1
82%
La Seyne-sur-Mer-2
82%
Sainte-Maxime
73%
La Garde
56%
Saint-Maximin-la-Sainte-Baume
56%
Saint-Cyr-sur-Mer
44%
Roquebrune-sur-Argens
42%
Le Luc
40%
Ollioules
40%
Solliès-Pont
36%
La Crau
35%
Vidauban
33%
Flayosc
22%
Garéoult
20%
Aucun quiz correspondant
Distribution des résultats
% des personnes avec chaque résultat
Percentile par nombre de réponses
Votre historique - résultats
Vous n’avez pas pris ce quiz